00740nam a2200229 i 4500001000400000100003500004245004200039260006000081300002900141600002900170650004300199650002100242650001300263650002500276650002200301651002000323655001200343040000800355041000800363008004100371856009800412bgj1 aCaldwell, Taylord(1900-1985).10aGreat lion of God /cTaylor Caldwell. aGarden City, NY :bDoubleday & Company, Inc.,cc. 1970. aX, 597, [1] pp ;c22 cm.19aPaul, the Apostle, Saint 9aBible N.T.xHistory of biblical events 9aChristian saints 9aApostles 9aBiographical fiction 9aChristian fiction 9aTarsus (Turkey) aFiction cBPK0 aeng s uk f |000 0 eng  uhttp://koha.tu.koszalin.pl/cgi-bin/koha/opac-detail.pl?biblionumber=48627yKatalog online BPK